000
00317nam a22001457a 4500
008
230925b ||||| |||| 00| 0 eng d
020
_a
9780072969061
041
_a
eng
080
_a
101
082
_a
101DIL
100
_a
44
101
_a
FILOZ
245
_a
FROM SOCRATES TO CINEMA
_c
DILEO.R.J
942
_2
udc
_c
BK
999
_c
60392
_d
60392